Sports Quiz

Random Sports or NFL Quiz

NFL Top 100 Players (2016) Quiz Stats

Quiz Updated Oct 12, 2017

Challenge
Share
Tweet
Embed
Score 0/100 Timer 10:00
0 Plays Today
Rank Player % Correct
2Tom Brady
98.6%
1Cam Newton
98.4%
4Antonio Brown
95.6%
3J.J. Watt
95.5%
6Aaron Rodgers
95.2%
5Adrian Peterson
94.3%
8Julio Jones
93.2%
9Rob Gronkowski
92.2%
18Patrick Peterson
91.7%
10Odell Beckham Jr.
90.3%
17Russell Wilson
89.9%
12Carson Palmer
89.5%
16A.J. Green
87.1%
48Chandler Jones
87%
64Reshad Jones
86.9%
15Von Miller
86.8%
20Richard Sherman
86.1%
30Drew Brees
84.7%
11Josh Norman
81.9%
23Joe Thomas
81.9%
66Earl Thomas
81.4%
35Andy Dalton
81.2%
47Eli Manning
80.7%
22Todd Gurley
80.7%
62Demaryius Thomas
80.5%
27Larry Fitzgerald
80.2%
19DeAndre Hopkins
79.7%
21Ben Roethlisberger
79.3%
81Alex Smith
78.4%
42Tyron Smith
77.8%
73Harrison Smith
77.4%
83Telvin Smith
77.1%
46Philip Rivers
77%
7Luke Kuechly
77%
Rank Player % Correct
25Brandon Marshall
76.8%
51Dez Bryant
76.7%
41Le'Veon Bell
76.7%
24Darrelle Revis
76.6%
65Marcus Peters
74.9%
13Khalil Mack
74.6%
38Greg Olsen
73.8%
100Derek Carr
72.2%
33Doug Martin
70.4%
56Blake Bortles
70.1%
92Andrew Luck
68.5%
69LeSean McCoy
68.4%
34Aqib Talib
68.2%
14Aaron Donald
68%
63Gerald McCoy
67.4%
40Ndamukong Suh
67.1%
85Kirk Cousins
66.8%
31Allen Robinson
66.6%
50Devonta Freeman
65.6%
32Kam Chancellor
63.7%
75Jamaal Charles
61.9%
57Clay Matthews
61.7%
28Tyrann Mathieu
60%
87Julian Edelman
60%
72Doug Baldwin
57.8%
44Tyler Eifert
57.6%
55Eric Berry
57.5%
74Emmanuel Sanders
56.5%
26Justin Houston
56.4%
86Jonathan Stewart
55.3%
52Chris Harris Jr.
54.8%
96Sammy Watkins
54.7%
98Jarvis Landry
53.9%
77Jordan Reed
53.6%
Rank Player % Correct
54Thomas Davis
51.9%
91Travis Kelce
51.9%
80Derrick Johnson
51.1%
36DeMarcus Ware
50.2%
59Michael Bennett
49.7%
39Muhammad Wilkerson
49.6%
89Allen Hurns
48.3%
29Geno Atkins
48.2%
90Matt Forte
47.2%
45Trent Williams
47%
78Chris Ivory
46.4%
82Delanie Walker
45.8%
93Jeremy Maclin
45.4%
61NaVorro Bowman
45%
37Marshal Yanda
41.8%
43Ezekiel Ansah
41.4%
94Gary Barnidge
39.9%
84Tamba Hali
39.2%
49Fletcher Cox
38.2%
68T.J. Ward
35.3%
53Lavonte David
34%
71Calais Campbell
31.6%
99Cameron Jordan
30.4%
79Ryan Kalil
30.3%
97Richie Incognito
29.3%
58Kawann Short
28.2%
60Reggie Nelson
25%
67Andrew Whitworth
24.5%
70Carlos Dunlap
21.4%
88Cameron Heyward
20.7%
76Linval Joseph
19.2%
95Mike Daniels
17.1%

You're not logged in!

Compare scores with friends on all Sporcle quizzes.
Sign Up with Email
OR
Log In

You Might Also Like...

Show Comments

Extras

Top Quizzes Today


Score Distribution

Your Account Isn't Verified!

In order to create a playlist on Sporcle, you need to verify the email address you used during registration. Go to your Sporcle Settings to finish the process.

Report this User

Report this user for behavior that violates our Community Guidelines.

Details: